000 00303nam a22001217a 4500
003 SGT
082 _a616.89
_bC89H
100 _aHOWTON, KEITH
245 _aCOGNITIVE BEHAVIOR THERAPY FOR PSYCHIATRIC PROBLEMS A PRACTICAL GUIDE
260 _bOXFORD UNIVERSITY
_c1989
300 _a456
942 _2ddc
_cBK
999 _c18148
_d18148